[Event "Hessen-ch Gr-D 65th"]
[Site "Gladenbach"]
[Date "2011.04.23"]
[Round "4"]
[White "Fetzner, Frank"]
[Black "Kohlmeyer, Klaus"]
[Result "0-1"]
[WhiteElo "1619"]
[BlackElo "1796"]
[PlyCount "68"]
[EventDate "2011.04.22"]
[EventType "swiss"]
[EventRounds "5"]
[EventCountry "GER"]
[SourceTitle "CBM 142 Extra"]
[Source "ChessBase"]
[SourceDate "2011.06.27"]
[SourceVersion "1"]
[SourceVersionDate "2011.06.27"]
[SourceQuality "1"]

1. c4 e5 2. Nc3 Nf6 3. g3 d5 4. cxd5 Nxd5 5. Bg2 c6 6. e3 Be6 7. Nge2 Qd7 8. d4 exd4 9. exd4 Be7 10. 0-0 Na6 11. Re1 0-0-0 12. a3 h5 13. Nxd5 Bxd5 14. Bxd5 Qxd5 15. Nf4 Qd7 16. Qf3 Bf6 17. Be3 h4 18. Rad1 hxg3 19. hxg3 Kb8 20. Nh5 Qd5 21. Qxd5 Rxd5 22. Nxf6 gxf6 23. Bf4+ Kc8 24. Re7 Rd7 25. Rde1 Rhd8 26. Rxd7 Rxd7 27. Re8+ Rd8 28. Rxd8+ Kxd8 29. b4 Kd7 30. Kg2 Ke6 31. Kf3 Kd5 32. Ke3 f5 33. Kd3 b6 34. f3 f6 0-1